Z języka hiszpańskiego na polski. - Statystyki

Ogólne statystyki
  • Ten quiz został rozwiązany 103 razy
    17 od ostatniego zresetowania
  • Średni wynik to 14 z 14
Statystyki odpowiedzi
Język
hiszpański
Język
polski
% Poprawnych
Argentina Argentyna
100%
Brasil Brazylia
100%
Egipto Egipt
100%
España Hiszpania
100%
Indonesia Indonezja
100%
Japón Japonia
100%
Canadá Kanada
100%
Polonia Polska
100%
Portugal Portugalia
100%
Italia Włochy
100%
Croacia Chorwacja
94%
Estados Unidos Stany Zjednoczone
94%
Gran Bretaña Wielka Brytania
94%
Alemania Niemcy
69%
Nie znaleziono quizów pasujących do podanych kryteriów
Rozkład punktacji
Procent ludzi z każdym wynikiem
Percentyl według liczby udzielonych odpowiedzi
Twoja historia wyników
Nie rozwiązałeś tego quizu od ostatniego zresetowania